|
|
|
|
| LEADER |
01226nam a2200277 a 4500 |
| 001 |
0017237 |
| 003 |
BD-DhAAL |
| 008 |
100505s2007 enka b 000 0 eng d |
| 020 |
|
|
|a 9780194576406
|
| 020 |
|
|
|a 9780194576420
|
| 040 |
|
|
|a OTP
|c OTP
|d OTP
|d BD-DhAAL
|
| 082 |
0 |
4 |
|a 808.066651021
|2 21
|
| 100 |
1 |
|
|a Appleby, Rachel.
|9 58421
|
| 245 |
1 |
4 |
|a Business one :
|b one /
|c Rachel Appleby ... [et al.].
|
| 260 |
|
|
|a Oxford :
|b Oxford University Press,
|c 2007.
|
| 300 |
|
|
|a 136 p. :
|b ill.(chiefly col.) ;
|c 28 cm
|
| 490 |
0 |
|
|a Oxford business English
|
| 526 |
|
|
|a CFL, BRACU
|
| 541 |
1 |
|
|e 0017237
|a Karim International
|
| 650 |
|
0 |
|a English language
|x Business English.
|
| 650 |
|
0 |
|a English language
|v Textbooks for foreign speakers.
|
| 852 |
4 |
|
|a Ayesha Abed Library
|c General Stacks
|
| 942 |
|
|
|2 ddc
|c BK
|
| 999 |
|
|
|c 8403
|d 8403
|
| 952 |
|
|
|0 0
|1 0
|2 ddc
|4 0
|6 808_066651021000000_APP_2007
|7 0
|9 9809
|a BRACUL
|b BRACUL
|c GEN
|d 2010-05-05
|e Karim International
|g 4950.00
|l 4
|m 10
|o 808.066651021 APP
|p 3010017237
|r 2024-07-03
|s 2024-06-26
|t 1
|w 2010-05-05
|y BK
|
| 952 |
|
|
|0 0
|1 4
|2 ddc
|4 0
|6 808_066651021000000_APP
|7 0
|9 9810
|a BRACUL
|b BRACUL
|d 2010-05-05
|e Karim International
|g 4950.00
|l 0
|o 808.066651021 APP
|p 3010017238
|r 2012-01-01
|t 2
|w 2010-05-05
|y BK
|x Koha Inventory 2020
|